000 00479nmm a2200157Ia 4500
008 251105s9999||||xx |||||||||||||||||und||
041 _aspa
100 _aSolmonson , Lesley Jacobs
245 0 _aHistoria universal de la ginebra
264 _a[Madrid, España] :
_bMalpaso Ediciones,
_c2015
300 _a160 páginas
700 _aSolmonson , Lesley Jacobs
700 1 _a Domínguez Reyes, Bernardo
856 _uhttps://public.digitaliapublishing.com/a/88186
942 _cCF
999 _c71608
_d71608